000 01411na a2200457 4500
001 23325
003 MIRAKIL
005 20181213155105.0
008 170920b tu 000 0
020 _a9786056644429
040 _aMilas
_btur
_cTR-AnCHP
041 _atur
082 _a320.5315
_bS67 2017
090 _a320.5315 S67 2017
110 _aSosyal Demokrasi Derneği
245 _aSosyal demokrasi ve arayış
_bArayış dergisi yazıları
_cSosyal Demokrasi Derneği
246 _aArayış dergisi yazıları
260 _aAnkara
_bSosyal Demokrasi Derneği
_c2017
_fZiraat Grup Matbaacılık
300 _a256 s.
_c19 sm.
440 _aSosyal Demokrasi Derneği Yayınları
_v15
490 _aSosyal Demokrasi Düşünce Dünyası
_v6
650 _aSosyal devlet
_zTürkiye
650 _aCHP ve Sosyal Demokrasi
650 _aSiyaset ve yönetim
_xSosyal demokrasi
_zTürkiye
657 _aTarım
657 _aHalkevleri
700 _aGürel, Şükrü S.
700 _aAhipaşaoğlu, Burhanettin
700 _aGülizar, Jülide
700 _aAruoba, Zeynep
700 _aÇelem, Hayran
700 _aArat, Necla
700 _aSümer, Necdet
700 _aGüvenç, Faruk
700 _aİpşiroğlu, Mazhar
700 _aİpşiroğlu, Nazan
700 _aKöknel, Özcan
700 _aEcevit, Bülent
740 _aArayış dergisi yazıları
942 _2ddc
_cBKS
999 _c6356
_d6356